Koučovanie na pracovisku: módna vlna alebo nevyhnutný trend?

Pojem koučing a jeho benefity. Príklad z praxe.

Enregistré dans:
Détails bibliographiques
Auteur principal: Záborská, Jarmila
Format: Chapitre de livre
Langue:slovaque
Sujets:
Tags: Ajouter un tag
Pas de tags, Soyez le premier à ajouter un tag!

MARC

LEADER 00000naa a2200000 4500
001 0253413
005 20190507074735.8
041 0 |a slo 
044 |a SK 
245 1 0 |a Koučovanie na pracovisku: módna vlna alebo nevyhnutný trend?  |c Jarmila Záborská 
520 |a Pojem koučing a jeho benefity. Príklad z praxe. 
610 2 0 |a koučovanie 
610 2 0 |a pracovisko 
610 2 0 |a manažment 
610 2 0 |a benefity 
100 1 |a Záborská, Jarmila